| 000 | 00924cam a22002411 4500 | ||
|---|---|---|---|
| 001 | sa 68019057 | ||
| 003 | DLC | ||
| 005 | 20260227112716.0 | ||
| 008 | 750204||||| io 000 0 ind | ||
| 010 | _asa 68019057 | ||
| 035 | _a(OCoLC)1160637 | ||
| 040 |
_aDLC _cOAU _dDLC |
||
| 050 | 0 | 0 |
_aHD4303 _b.S34 |
| 100 | 1 | _aSadli, Mohammad. | |
| 245 | 1 | 0 |
_aDekonsentrasi management di perusahaan² negara, _cdisusun oleh M. Sadli. |
| 260 | _aDjakarta, Lembaga Ekonomi dan Kemasjarakatan Nasional, 1965. | ||
| 300 |
_aiii, 47 p. _c28 cm. |
||
| 500 | _a"Penerbitan ulangan." | ||
| 500 | _a"Laporan ini adalah workshop kedua jang diadakan oleh Lembaga Ekonomi dan Kemasjarakatan Nasional ...pada tanggal 12 dan 18 Djuli 1963." | ||
| 650 | 0 |
_aGovernment business enterprises _zIndonesia. |
|
| 650 | 0 |
_aDecentralization in management _zIndonesia. |
|
| 710 | 1 |
_aJakarta (Indonesia). _bLembaga Ekonomi dan Kemasjarakatan Nasional. |
|
| 999 |
_c88796 _d88796 |
||